Quizzes
Events
Quiz Creation
Community
Videos
Private Events
Remove Ads
Sign In
Join for FREE
Feedback
Dark Mode
Quiz Categories
Sports
Geography
Music
Movies
Television
Just For Fun
Miscellaneous
History
Literature
Language
Science
Gaming
Entertainment
Religion
Holiday
For Kids
Quiz Lab
Recent
Popular Today
Quiz Kudos Today
Editor Picks
Curator Picks
Quizzes by...
Day
Popularity
Type
Ratings
Length
Year
Community
Subscriptions
Recent Discussions
Orange Saloon
Badges
Playlists
Quests
Create
Leaderboards
Showdown
Live 5
Trivia Bingo
Activity
Puzzle Library
Sporcle Events
Private Events
Virtual Trivia
Globe League
Become a Host
Pub Owners
SporcleCon
Opinionation
Our Games
Videos
Blog
Mobile Apps
Partnerships
Remove Ads and Go Orange
Feedback
Sports
Athletes
MLB
NBA
NHL
NFL
Soccer
Sports Teams
WWE
NCAA
Football
Premier League
Basketball
Baseball
Hockey
Golf
Tennis
Cricket
Rugby
Auto Racing
Olympics
World Cup
Sports
Athletes
MLB
NBA
NHL
NFL
Soccer
Sports Teams
WWE
NCAA
Football
Premier League
Basketball
Baseball
Hockey
Golf
Tennis
Cricket
Rugby
Auto Racing
Olympics
World Cup
Random Quiz
Search Sporcle
×
Quiz Lab
Quiz Lab
Sports
MLB
Type in answers that appear in a list
Type in answers that appear in a list
Classic
Best Score? Go Orange.
All-Time Milwaukee Brewers Stats
Can you name the All-Time Milwaukee Brewers 25-man roster if determined by Wins Above Replacement?
By
redsoxfan34
5m
25 Questions
297 Plays
297 Plays
297 Plays
Comments
Comments
Give Quiz Kudos
Give Quiz Kudos
-
- Ratings
hide this ad
More Info
Replay
Link that replays current quiz
Next Quiz
Link to next quiz in quiz playlist
You Got
0%
They Got
Avg Score
59%
Avg Friend Score
Upgrade to see
Score Distribution
Jump to the score distribution portion of the page
Score
0/25
Timer
05:00
0
Plays Today
Position
Player
% Correct
SS
Robin Yount
97.6%
LF
Ryan Braun
96%
1B
Prince Fielder
95.6%
DH
Paul Molitor
93.9%
1B
Cecil Cooper
90.6%
SP
Ben Sheets
87.2%
CF
Gorman Thomas
82.2%
RP
Rollie Fingers
76.8%
SP
Teddy Higuera
69.7%
2B
Jim Gantner
69.4%
RF
Ben Oglivie
62.6%
3B
Don Money
60.3%
C
B.J. Surhoff
54.9%
Position
Player
% Correct
1B
George Scott
49.8%
SP
Mike Caldwell
48.5%
IF
Jeff Cirillo
48.5%
RP
Dan Plesac
45.8%
C
Darrell Porter
43.4%
SP/
RP
Jim Slaton
41.4%
SP
Chris Bosio
38%
SP
Bill Wegman
33.7%
RP
Bob Wickman
28.3%
RP
Chuck Crim
21.9%
RP
Ken Sanders
21.2%
RP
Mike Fetters
20.5%
Quiz Playlist
Details
Report
Send in Message
Add To Playlist
More Info:
Be sure to try the others in this series, some on my redsoxfan24 profile. SEE FIRST COMMENT!!!!!
Classic:
Type in answers that appear in a list
Quiz Source
Last Updated: Feb 16, 2017
Quiz Scoreboard
CHALLENGE
Sign Up to Join the Scoreboard
Show All
Scores
Hide
Comments
May contain spoilers
Recently Published
Billboard Blitz: Fleetwood Mac
by CooCooCachoo
Music
15s
Presidents Visiting Landmarks
by Hejman
History
7m
An Introduction to Baseball
by treessimontrees
Sports
5m
More to Explore
Quiz From the Vault
Featured Blog Post
Where Did the Easter Bunny Come From?
hide this ad
You Might Also Like...
Tags
Baseball Quiz
MLB Quiz
All Time
Milwaukee
Milwaukee Brewers
Wins Above Replacement
Today's Top Quizzes in Sports
Browse Sports
hide this ad
Today's Top Quizzes in MLB
Browse MLB
Top Contributed Quizzes in Sports
1
Les meilleurs buteurs des matchs entre le PSG et l’OM
2
2022 World Cup Stars
3
FIFA Club World Cup Champions
4
Les entraîneurs de l'OM et du PSG au 21e siècle
5
Criteria MLB: Left Handed Sluggers
6
Name the Premier League winners with different clubs
7
5-to-1: UK Sports Teams
8
AFC Teams Reveal (Wrong Answers Minefield)
9
Players with Multiple 50 Home Run Seasons
10
5-to-1: FBS Animal Nicknames
Explore More
Trending Topics
Disney
Harry Potter
Kpop
Marvel
NBA
Anime
Crossword
Soccer
Song
Pokémon
Puzzle
The Office
WWE
NFL
Country
hide this ad
More By:
redsoxfan34
Quiz
Plays
Rating
Category
Featured
Created
200 HRs in 1 Ballpark
54,515
4.67
Sports
Mar 24, 2012
All-Time WAR All-Stars
10,567
4.60
Sports
Jul 7, 2013
MLB Combined No-Hitters
6,892
4.11
Sports
Jun 9, 2012
The Office Episodic Trivia (quite difficult)
5,734
3.67
Television
Apr 3, 2011
All-Time MLB Team (by WAR 2.0)
4,497
4.46
Sports
Jul 3, 2013
Go to Creator's Profile
Score Distribution
Quiz Creator Spotlight
redsoxfan34
Follow
Send a Message
Quizzes Created
-
Created Quiz Play Count
-
More By This Creator
Popular Quizzes Today
1
Find the US States - No Outlines Minefield
2
Find the Countries of Europe - No Outlines Minefield
3
The Countries of the World
4
Find the US States
5
Risky Map Clicking: Biggest States A-Z
6
US States
7
Popular People in 1961
8
Movies - When Are They Set?
More Sports Quizzes
Premier League Players’ First Clubs
Curator's Pick
Trending Quizzes
Risky Map Clicking: Least Populous States A-Z
1-10 Letter G Words
1-10 Letter F Words
Risky Map Clicking: Next State Alphabetically
Risky Map Clicking: Biggest States A-Z
Recently Updated
Leaping Animals
pecheneg
Reality TV Shows (A-Z)
bhenderson79
Rickey Henderson's Hall of Fame Teammates
pecheneg
Champions League XIs: Arsenal
pecheneg
Quick Pick: Celebrities in WWE's Hall of Fame
aduchscher
A-Z Keypad Blitz II
pecheneg
Multiple Oscar Actors
pecheneg
Mystery Phrase Blitz: Oscar 'Best Actors'
pecheneg
F. Scott Fitzgerald Novels
LTH
Pick 3 Villains
ddd62291
Trending Topics
NBA
Kpop
Crossword
Harry Potter
Disney
Anime
Marvel
Puzzle
Song
NFL
Pokémon
WWE
Soccer
The Office
Country
Your Account Isn't Verified!
In order to create a playlist on Sporcle, you need to verify the email address you used during registration. Go to your
Sporcle Settings
to finish the process.
Report this User
Report this user for behavior that violates our
Community Guidelines
.
Details:
Send Report
Go to the Sporcle.com Mobile Site →
Comments